000 01589nam0a2200361 i 4500
001 RU\NLR\BIBL_A\010585597
005 20240921145337.0
010 _a9785724707534
_950
021 _aRU
_b2014-86828
_95283
035 _a(NILC)RuMoRGB-007827268
035 _a(NLR Aleph) 010585597
090 _a10480872
_c10480872
100 _a20150115d2014 km y0rusy50 ca
101 0 _arus
102 _aRU
105 _ay|||j|||000yy
200 1 _aИсторико-правовой анализ урегулирования экономических споров в России
_eучебное пособие
_fЛ. М. Усманова
_gМ-во внутренних дел Российской Федерации, ФГКОУ ВПО Уфимский юридический ин-т
210 _aУфа
_cУЮИ МВД РФ
_d2014
215 _a67, [1] с.
_d21
300 _aНа обл. авт. не указан
320 _aБиблиогр. в конце кн. (296 назв.)
606 1 _aЭкономические споры
_jУчебные издания для высших учебных заведений
_xРазрешение
_xИстория
_yРоссия
_92242649
_3RU\NLR\AUTH\6601576872
610 0 _aэкономические споры
686 1 _aХ2(2)46-62я73
686 1 _aХ629.221я73
686 1 _aХ629.222я73
700 1 _aУсманова
_bЛ. М.
_gЛяйсан Марсовна
801 0 _aRU
_bРГБ
_c20141121
_gRCR
801 1 _aRU
_bРГБ
_c20141121
_2rusmarc
942 _cBOOK
980 _aNBR